000 00762nam a22002657a 4500
001 00565
003 DO-SdBNP
005 20231023111704.0
007 00565
008 160622b mx 1996 | 00| 0 spa d
040 _aBPMSU
_bspa
_cBPMSU
082 4 _aCo863.44
_bG216n 1996
_222
100 1 _aGarcía Márquez, Gabriel
_d1927-2014.
245 1 _aNoticia de un secuestro /
_cGabriel García Márquez
260 _aMéxico :
_bTaller,
_c1996.
300 _a346 p. :
_c21 cm.
490 1 _aBiblioteca taller
_v317
650 4 _aNovela colombiana
650 4 _aSecuestro
_vNovela
650 4 _aTerrorismo
_zColombia
_vNovela
830 0 _aBiblioteca taller
_n317
942 _2ddc
_cBK
945 _aInventariado, 2018/MFF
956 _aBTAVÁREZ
_b10
_c20162206
_d00565
999 _c10479
_d10479